000
00309nam a22001337a 4500
020
_a
9789332509344
082
_a
690.
_b
MCK/BU
100
_a
Mckay, W.B.
_9
1110
245
_a
Building Construction- Volume -2- Meric Edition
250
_a
4 th
260
_a
Delhi
_b
Pearson
_c
2013
300
_a
143
942
_c
BK
999
_c
14634
_d
14634